Cast of the Simpsons Quiz Stats

 Plays Quiz Updated Nov 21, 2019

Support Sporcle.
Go Orange.
Score 0/6 Timer 03:00
2 Plays Today
Primary Character Voice Actor % Correct
Moe SzyslakHank Azaria
80.4%
Bart SimpsonNancy Cartwright
61.8%
Lisa SimpsonYeardley Smith
59.2%
Homer SimpsonDan Castellaneta
58.4%
Ned FlandersHarry Shearer
51.8%
Marge SimpsonJulie Kavner
49.1%

From the Vault

SpongeBob 'F.U.N.' Song

by ethun

Whose idea of FUN is better: Spongebob's or Plankton's?
Remove Ads.
Support Sporcle.
Get the best of Sporcle when you Go Orange. This ad-free experience offers more features, more stats, and more fun while also helping to support Sporcle. Thank you for becoming a member.

Show Comments

Extras

Top Quizzes Today


Score Distribution

Your Account Isn't Verified!

In order to create a playlist on Sporcle, you need to verify the email address you used during registration. Go to your Sporcle Settings to finish the process.

Report this User

Report this user for behavior that violates our Community Guidelines.

Details: